000 00648nam a2200241Ia 4500
003 OSt
005 20220918231635.0
006 a|||||r|||| 00| 0
007 ta
008 220917b |||||||| |||| 00| 0 eng d
024 _a324,644
037 _cTextual
040 _aARTS
_cARTS
_beng
041 _2eng
_aeng
082 _aV23182cT:71:J3, J5
100 _aMehta R. N. Au.
_9155417
245 0 _aExcavations at Timbarva
260 _aBaroda
_bFaculty of Arts India
_c1955
300 _a27p.
_ccm.
650 _aINDIA - HISTORY
942 _hV23182cT:71:J3, J5
_cTEXL
_2CC
999 _c291975
_d291975